Vista normal
Vista MARC
Entrada Topical Term
Número de registros utilizados en: 1
001 - CONTROL NUMBER
- control field: 2661
003 - CONTROL NUMBER IDENTIFIER
- control field: OSt
005 - DATE AND TIME OF LATEST TRANSACTION
- control field: 20200407103018.0
008 - FIXED-LENGTH DATA ELEMENTS
- fixed length control field: 200407|| aca||aabn | a|a d
040 ## - CATALOGING SOURCE
- Original cataloging agency: OSt
- Transcribing agency: OSt
150 ## - HEADING--TOPICAL TERM
- Topical term or geographic name entry element: Control constitucional
670 ## - SOURCE DATA FOUND
- Source citation: Work cat.: (OSt)5156: Escobar Fornos, Iván, autor 2660, Los derechos humanos y el control del poder privado / , 2001